Library Logo

ٹیگور کے گیت - یتر حکبہ پنحاب لڑپری کمپنی / (Record no. 245560)

000 -LEADER
fixed length control field 00627nam a22001817a 4500
003 - CONTROL NUMBER IDENTIFIER
control field BD-DhUL
005 - DATE AND TIME OF LATEST TRANSACTION
control field 20210920123236.0
008 - FIXED-LENGTH DATA ELEMENTS--GENERAL INFORMATION
fixed length control field 190103snd. pk ||||| |||| 00| 0 urd d
040 ## - CATALOGING SOURCE
Original cataloging agency BD-DhUL
Transcribing agency BD-DhUL
082 ## - DEWEY DECIMAL CLASSIFICATION NUMBER
Classification number 891.431
Item number TAT
100 1# - MAIN ENTRY--PERSONAL NAME
Personal name ٹیگور، رابندرناتھ
Dates associated with a name
245 ## - TITLE STATEMENT
Title ٹیگور کے گیت - یتر حکبہ پنحاب لڑپری کمپنی /
Statement of responsibility, etc. رابندرناتھ ٹیگور
Remainder of title
260 ## - PUBLICATION, DISTRIBUTION, ETC. (IMPRINT)
Place of publication, distribution, etc. لاہور :
Name of publisher, distributor, etc. پنجاب لڑیچرکمپنی،
Date of publication, distribution, etc. ۔
300 ## - PHYSICAL DESCRIPTION
Extent ص۔ ۹۶ ؛
Dimensions ۱۸ سم۔
650 #4 - SUBJECT ADDED ENTRY--TOPICAL TERM
Topical term or geographic name as entry element Urdu poetry
700 0# - ADDED ENTRY--PERSONAL NAME
Personal name حمہ نیاز محمد خان نتچوان
942 ## - ADDED ENTRY ELEMENTS (KOHA)
Source of classification or shelving scheme
Koha item type Books
Holdings
Price effective from Date last seen Permanent Location Not for loan Date acquired Source of classification or shelving scheme Koha item type Lost status Withdrawn status Copy number Source of acquisition Collection code Damaged status Shelving location Barcode Current Location Full call number
2019-01-032019-01-03Dhaka University Library 2019-01-03 Books  1purchasedNon Fiction General Stacks47802Dhaka University Library891.431 TAT
Last Updated on September 15, 2019
© Dhaka University Library. All Rights Reserved|Staff Login